<?xml version="1.0" encoding="UTF-8"?>
<record
    xmlns:xsi="http://www.w3.org/2001/XMLSchema-instance"
    xsi:schemaLocation="http://www.loc.gov/MARC21/slim http://www.loc.gov/standards/marcxml/schema/MARC21slim.xsd"
    xmlns="http://www.loc.gov/MARC21/slim">

  <leader>00928nam a22001937a 4500</leader>
  <datafield tag="999" ind1=" " ind2=" ">
    <subfield code="c">7914</subfield>
    <subfield code="d">7914</subfield>
  </datafield>
  <controlfield tag="005">20240619101146.0</controlfield>
  <controlfield tag="008">230717b           ||||| |||| 00| 0 eng d</controlfield>
  <datafield tag="040" ind1=" " ind2=" ">
    <subfield code="a">CDMR</subfield>
  </datafield>
  <datafield tag="110" ind1=" " ind2=" ">
    <subfield code="9">4954</subfield>
    <subfield code="a">Fundaci&#xF3;n HelpAge International Espa&#xF1;a</subfield>
  </datafield>
  <datafield tag="245" ind1=" " ind2=" ">
    <subfield code="a">Guia per a una comunicaci&#xF3; lliure d&#x2019;edatisme vers les persones grans</subfield>
    <subfield code="c">/ document elaborat per: Fundaci&#xF3;n HelpAge International Espa&#xF1;a ; escrit per: Elena Molina N&#xFA;nez, Ana Bel&#xE9;n Fern&#xE1;ndez Souto, Irene Ramos Soler ; amb al col&#xB7;laboraci&#xF3; del Col&#xB7;legi de Periodistes de Catalunya, SomSeniors</subfield>
  </datafield>
  <datafield tag="260" ind1=" " ind2=" ">
    <subfield code="a">Madrid : </subfield>
    <subfield code="b">Fundaci&#xF3;n HelpAge International Espa&#xF1;a, </subfield>
    <subfield code="c">2023</subfield>
  </datafield>
  <datafield tag="300" ind1=" " ind2=" ">
    <subfield code="a">38 p&#xE0;gines</subfield>
  </datafield>
  <datafield tag="650" ind1=" " ind2="0">
    <subfield code="9">4942</subfield>
    <subfield code="a">Edatisme</subfield>
  </datafield>
  <datafield tag="650" ind1=" " ind2="0">
    <subfield code="9">4943</subfield>
    <subfield code="a">Discriminaci&#xF3; per l'edat</subfield>
  </datafield>
  <datafield tag="650" ind1=" " ind2="0">
    <subfield code="9">983</subfield>
    <subfield code="a">&#xC8;tica period&#xED;stica</subfield>
    <subfield code="v">Manuals d'estil</subfield>
  </datafield>
  <datafield tag="700" ind1=" " ind2=" ">
    <subfield code="9">4955</subfield>
    <subfield code="a">Molina N&#xFA;&#xF1;ez, Elena</subfield>
  </datafield>
  <datafield tag="856" ind1=" " ind2=" ">
    <subfield code="z">Acc&#xE9;s en l&#xED;nia</subfield>
    <subfield code="u">https://omeka.periodistes.cat/items/show/713</subfield>
  </datafield>
  <datafield tag="942" ind1=" " ind2=" ">
    <subfield code="2">udc</subfield>
    <subfield code="c">FULLET</subfield>
  </datafield>
  <datafield tag="952" ind1=" " ind2=" ">
    <subfield code="0">0</subfield>
    <subfield code="1">0</subfield>
    <subfield code="2">udc</subfield>
    <subfield code="4">0</subfield>
    <subfield code="7">0</subfield>
    <subfield code="a">CDMR</subfield>
    <subfield code="b">CDMR</subfield>
    <subfield code="d">2024-06-19</subfield>
    <subfield code="e">Donatiu</subfield>
    <subfield code="l">0</subfield>
    <subfield code="o">Ci 1.1/54</subfield>
    <subfield code="p">CDMR24060010</subfield>
    <subfield code="r">2024-06-19</subfield>
    <subfield code="w">2024-06-19</subfield>
    <subfield code="y">FULLET</subfield>
  </datafield>
</record>
